000 00487nam a2200181Ia 4500
001 21251
005 20260306172905.0
008 260306t2024||||xx |||||||||||||| ||spa||
041 _aESP
082 _a344.5
_bR31
100 _aReátegui Sánchez, James,
_eAUT
245 0 _aLos delitos de secuestro, robo y extorsión :
_banálisis crítico y jurisprudencial
260 _c2024
300 _a655 páginas :
_c25 cm.
650 _aGEN
654 _aCDE
942 _cLIB
_dJUS
_fJUS
_2ddc
_n
999 _c21251
_d21251